00428nam a2200145 a 4500020002400000082001800024100002500042245005600067260004400123300000900167500003500176505002000211650002600231700002500257 a9780195127188 00a954.0256bTHA aThackston, Wheeler M aJahangirnama: Memoirs of Jahangir, Emperor of India aLondan bOxford University Press c1999 a502p aincludes index and biblioraphy2 aNotes, Glossary aMughal India-Jahangir1 aThackston, Wheeler M